The maps of First Bull Run (Record no. 132368)
[ view plain ]
| 000 -LEADER | |
|---|---|
| fixed length control field | 01680nam a2200349 a 4500 |
| 100 1# - MAIN ENTRY--AUTHOR NAME | |
| Personal name | Gottfried, Bradley M. |
| 245 14 - TITLE STATEMENT | |
| Title | The maps of First Bull Run |
| 250 ## - EDITION STATEMENT | |
| Edition statement | 1st ed. |
| 260 ## - PUBLICATION, DISTRIBUTION, ETC. (IMPRINT) | |
| Place of publication | New York : |
| Name of publisher | Savas Beatie, |
| Year of publication | c2009. |
| 300 ## - PHYSICAL DESCRIPTION | |
| Number of Pages | ix, 134 p. : |
| Other physical details | 51 col. maps. |
| 505 0# - FORMATTED CONTENTS NOTE | |
| Formatted contents note | pt. 1. Maps of First Bull Run/Manassas -- Preliminary movements -- Skirmish at Blackburn's Ford (July 18) -- Bull Run preliminaries -- Matthews Hill Fight -- Henry Hill Fight -- Chinn Ridge -- Blackburn's Ford -- The federal retreat -- pt. 2. August-September 1861 -- pt. 3. Ball's Bluff. |
| 650 #0 - SUBJECT ADDED ENTRY--TOPICAL TERM | |
| Topical Term | Bull Run, 1st Battle of, Va., 1861 |
| Topical Term | Ball's Bluff, Battle of, Va., 1861 |
| 856 40 - ELECTRONIC LOCATION AND ACCESS | |
| Uniform Resource Identifier | http://site.ebrary.com/lib/rucke/Doc?id=10498863 |
No items available.
